| 000 | 00556nam a2200205Ia 4500 | ||
|---|---|---|---|
| 003 | GCL | ||
| 008 | 140319s9999 xx 000 0 eng d | ||
| 040 |
_aGCL / _cGCL |
||
| 082 | 0 | 4 |
_a693.542 _bS F |
| 100 | 1 | _aSINHA, N.C. | |
| 245 | 1 | 0 |
_aFUNDAMENTALS OF PRESTRESSED CONCRETE / _cSINHA, N.C. |
| 700 | 1 | _aROY, S.K | |
| 260 |
_a[S.N] : _bS. CHAND & COMPANY (PVT) LTD ، _c1994 |
||
| 300 | _a573 P | ||
| 650 | 0 | 4 | _aالتحليل الرياضى |
| 650 | 0 | 4 | _aCIVIL ENGINEERING |
| 650 | 0 | 4 | _aCONCRETE |
| 650 | 0 | 4 | _aPRESTRESSED CONCRETE |
| 942 |
_2ddc _cBK |
||
| 999 |
_c19780 _d19780 |
||